Les enquêtes (Record no. 153571)

MARC details
000 -LEADER
campo de control de longitud fija 00914nam a22002055i 4500
001 - NÚMERO DE CONTROL
campo de control 153571
003 - IDENTIFICADOR DE NÚMERO DE CONTROL
campo de control ES-MaACL
005 - FECHA Y HORA DE LA ÚLTIMA TRANSACCIÓN
campo de control 20250701220534.0
008 - DATOS DE LONGITUD FIJA--INFORMACIÓN GENERAL
campo de control de longitud fija 990701s1900 fr |||| | fre d
040 ## - FUENTE DE CATALOGACIÓN
Centro catalogador/agencia de origen GA
Lengua de catalogación spa
Centro/agencia transcriptor CCPB | 3D
100 1# - ENTRADA PRINCIPAL--NOMBRE DE PERSONA
Nombre de persona Du Maroussem, Pierre.
9 (RLIN) 126850
245 14 - MENCIÓN DEL TÍTULO
Título Les enquêtes
Resto del título : pratique et théorie /
Mención de responsabilidad, etc. par Pierre du Maroussem.
260 ## - PUBLICACIÓN, DISTRIBUCIÓN, ETC.
Lugar de publicación, distribución, etc. Paris :
Nombre del editor, distribuidor, etc. Félix Alcan,
Fecha de publicación, distribución, etc. 1900 (
Lugar de fabricación/manufactura Evreux :
Fabricante Imprimerie de Charles Hérissey)
300 ## - DESCRIPCIÓN FÍSICA
Extensión 328 p. ;
Dimensiones 22 cm.
490 1# - MENCIÓN DE SERIE
Mención de serie Bibliothèque générale des sciences sociales ;
Designación de volumen o secuencia 6
505 8# - NOTA DE CONTENIDO CON FORMATO
Nota de contenido con formato Contiene: 1. ptie. Points de repère et points de vue. - 2. ptie. La cité moderne. - 3. ptie. La région rurale. - 4. ptie. La formation empirique de l'esprit. Conclusion. Appendices
830 00 - PUNTO DE ACCESO ADICIONAL DE SERIE-TÍTULO UNIFORME
Título uniforme Bibliothèque générale des sciences sociales
Designación de volumen o secuencia 6
9 (RLIN) 187778
852 ## - LOCALIZACIÓN
Ubicación ES-MaACL
Número de control de estantería C-23086
Nota libre -- Enc. ed. en tela
Holdings
Estatus retirado Estado de pérdida Estado de daño No para préstamo Colección Biblioteca de origen Biblioteca actual Ubicación en estantería Fecha de adquisición Fuente de adquisición Total de préstamos Signatura topográfica completa Código de barras Visto por última vez Precio de reemplazo Tipo de ítem Koha
        Libros del s. XIX Biblioteca del Ateneo de Madrid Biblioteca del Ateneo de Madrid Depósito 2 17/01/2008     C-23086 1160537 23/02/2023 23/02/2023 Libro impreso antiguo